| 000 | 01192cam a22003137a 4500 | ||
|---|---|---|---|
| 005 | 20220329141227.0 | ||
| 008 | 971010s1986 r 00010 d | ||
| 010 | _a64727 | ||
| 011 | _a65699 | ||
| 035 | _a72979 | ||
| 090 | _aTesis | ||
| 100 | 0 | 0 |
_aPerales Rivas, Martha Alicia. _987003 |
| 245 | 0 | _aConsencuencias de la penetración del capitalismo en la agricultura de el Bajío (el caso del sorgo) | |
| 260 |
_aChapingo, Méx. : _bEl autor, _c1986 |
||
| 300 | _a163 h | ||
| 502 | _aTesis (Ing. Agr. Esp. en Economía Agrícola) -- UACH. Departamento de Economía Agrícola | ||
| 590 |
_aALEPH _b10 _c20130110 _lUCH01 _h1353 |
||
| 590 |
_aBATCH-UPD _b10 _c20130109 _lUCH01 _h2331 |
||
| 590 |
_aBATCH-UPD _b10 _c20130110 _lUCH01 _h2014 |
||
| 590 |
_aBATCH-UPD _b10 _c20130410 _lUCH01 _h1333 |
||
| 590 |
_aBATCH-UPD _b10 _c20130914 _lUCH01 _h0840 |
||
| 590 |
_aCONVERSION _b10 _c20130109 _lUCH01 _h1335 |
||
| 650 | 1 | 4 |
_aAgricultura _xAspectos economicos _xGuanajuato. _91250 |
| 650 | 1 | 4 |
_aAgricultura _xInnovaciones tecnológicas. _91565 |
| 650 | 1 | 4 |
_aCapital en agricultura. _918710 |
| 650 | 1 | 4 |
_aSorgo _xAspectos económicos. _9108629 |
| 901 | _aBK | ||
| 949 |
_bCR _cTESBD _d-5733 _eTS1 _h30 _i72979 _si |
||
| 999 |
_c64727 _d64727 |
||